The UX Book. Agile UX design for a quality user experience.

Salvato in:
Dettagli Bibliografici
Autori principali: Hartson, Rex (Autore), Pyla, Pardha (Autore)
Natura: Sconosciuto
Pubblicazione: Cambridge, USA: Morgan Kaufmann; Elsevier, 2019.
Edizione:Second Edition.
Soggetti:
Tags: Aggiungi Tag
Nessun Tag, puoi essere il primo ad aggiungerne!!

MARC

LEADER 00000 a2200000 4500
003 CL-VaPUC
005 20231108154711.0
008 231020t2019 ||||| |||| 00| 0 eng d
999 |c 441861  |d 441859 
020 |a 9780128053423 
040 |c Pontificia Universidad Católica de Valparaíso 
082 7 |a 005.437 HAR 2019  |2 22 
100 |a Hartson, Rex   |9 884762  |e author 
245 1 4 |a The UX Book.  |b Agile UX design for a quality user experience.  
250 |a Second Edition.  
260 |a Cambridge, USA:  |b Morgan Kaufmann;  |b Elsevier,   |c 2019. 
300 |a 888 páginas :  |b ilustraciones.  
583 |k GC  |c 20231020 
650 |a Interfaces de usuario (sistemas informáticos)  |x Diseño  |9 885259 
650 |a Interacción persona-ordenador  |9 885260 
700 |a Pyla, Pardha   |e author   |9 885261 
942 |2 ddc  |c BK 
952 |0 0  |1 0  |2 ddc  |4 0  |6 005_437000000000000_HAR_2019  |7 0  |8 A  |9 592071  |a BIBING  |b BIBING  |c GEN  |d 2023-10-20  |e 3  |g 96913.00  |i 5659088  |l 1  |o 005.437 HAR 2019  |p 5659088  |r 2025-01-20  |s 2024-04-01  |t 1  |v 96913.00  |w 2023-10-20  |y BK  |k CCI 
952 |0 0  |1 0  |2 ddc  |4 0  |6 005_437000000000000_HAR_2019  |7 0  |8 A  |9 592072  |a BIBING  |b BIBING  |c GEN  |d 2023-10-20  |e 3  |g 96913.00  |i 5659089  |o 005.437 HAR 2019  |p 5659089  |r 2025-01-20  |t 2  |v 96913.00  |w 2023-10-20  |y BK  |k CCI